000 01347nam a22002537a 4500
003 Uzh_bibl
008 260429b |||||||| |||| 00| 0 ukr d
020 _c1.00
040 _aукр.
041 _2ukr
_aukr
080 _a821(477)
090 _a821(477)
_bН 12
100 _a.
245 _aНа веселім перехресті
_cУпоряд. Ю.Т. Прокопенко
_hТекст
260 _aКиїв
_bМолодь
_c1987
300 _a256 с.
_fВ опр.
520 _aДо збірки увійшли сатиричні та гумористичні твори українських авторів, а також шаржів й карикатури членів відомого київського клубу "Архігум".
521 _aДля широкого кола читачів
546 _aукр.
650 _aЛітературно-художнє видання
_yДруга половина ХХ століття (сучасність авторів)
_zУкраїна, Київ
653 _aГумор
_aСатира
_aСуспільство
_aІронія
_aІронія
_aКарикатура
655 _aАнтологія (гумор і сатира: оповідання, мініатюри, фейлетони, шаржі, карикатури)
_vГумор та сатира
942 _2udc
_cBK
999 _c17568
_d17568